[Event "Madrid-ch sf-A"]
[Site "Madrid"]
[Date "2012.04.10"]
[Round "1"]
[White "Garcia Prados, David"]
[Black "Martinez Montalvo, Eduardo"]
[Result "1-0"]
[WhiteElo "2070"]
[BlackElo "1860"]
[PlyCount "55"]
[EventDate "2012.04.10"]
[EventType "swiss"]
[EventRounds "9"]
[EventCountry "ESP"]
[SourceTitle "CBM 148 Extra"]
[Source "ChessBase"]
[SourceDate "2012.06.22"]
[SourceVersion "1"]
[SourceVersionDate "2012.06.22"]
[SourceQuality "1"]

1. e4 d5 2. exd5 Nf6 3. Nc3 Nxd5 4. Nf3 Nc6 5. d3 Bg4 6. Be2 e6 7. a3 Be7 8. Bd2 0-0 9. h3 Bh5 10. g4 Bg6 11. h4 h5 12. gxh5 Bxh5 13. Ng5 Nxc3 14. Bxc3 Bxe2 15. Qxe2 Bxg5 16. hxg5 Qxg5 17. Qf3 f6 18. Ke2 Rad8 19. Rag1 Qd5 20. Qg3 Rf7 21. Bxf6 Nd4+ 22. Kd1 Nf5 23. Qg5 Qf3+ 24. Kc1 Rdd7 25. Qg6 Qf4+ 26. Kb1 Nh6 27. Rxh6 Rxf6 28. Qxf6 1-0

[Event "Alameda de Osuna op 7th"]
[Site "Madrid"]
[Date "2001.04.24"]
[Round "6"]
[White "Spitzer Isbert, Ramon"]
[Black "Garcia Prados, David"]
[Result "1/2-1/2"]
[WhiteElo "2146"]
[BlackElo "2519"]
[PlyCount "86"]
[EventDate "2001.04.17"]
[EventType "swiss"]
[EventRounds "9"]
[EventCountry "ESP"]
[SourceTitle "EXT 2002"]
[Source "ChessBase"]
[SourceDate "2001.11.25"]
[SourceVersion "1"]
[SourceVersionDate "2001.11.25"]
[SourceQuality "1"]

1. Nf3 Nf6 2. d4 d6 3. c4 g6 4. Nc3 Bg7 5. e4 0-0 6. Be2 e5 7. 0-0 Nc6 8. d5 Ne7 9. Ne1 Nd7 10. Nd3 f5 11. Bd2 Nf6 12. f3 f4 13. Rc1 g5 14. g4 Ng6 15. Be1 Rf7 16. c5 Ne8 17. Bf2 Bf8 18. cxd6 cxd6 19. a4 a5 20. Qb3 Qe7 21. h3 Nc7 22. Bb6 Ne8 23. Nb5 h5 24. Nc7 Nxc7 25. Rxc7 Qf6 26. Rxf7 Qxf7 27. Rc1 Bd7 28. Rc7 Qe8 29. gxh5 Nh4 30. Nf2 Bxa4 31. Ng4 Be7 32. Rxe7 Bxb3 33. Nf6+ Kf8 34. Rxe8+ Rxe8 35. Nxe8 Kxe8 36. Bxa5 Ba4 37. Be1 Bd7 38. Bxh4 gxh4 39. Bf1 Kf7 40. Kf2 Kg7 41. Ke2 Kh6 42. Kd2 Kxh5 43. Kc3 b6 1/2-1/2

[Event "Alameda de Osuna op 7th"]
[Site "Madrid"]
[Date "2001.04.20"]
[Round "4"]
[White "Garcia Prados, David"]
[Black "Salcedo Tornero, Pablo"]
[Result "1/2-1/2"]
[WhiteElo "2519"]
[BlackElo "2155"]
[PlyCount "131"]
[EventDate "2001.04.17"]
[EventType "swiss"]
[EventRounds "9"]
[EventCountry "ESP"]
[SourceTitle "EXT 2002"]
[Source "ChessBase"]
[SourceDate "2001.11.25"]
[SourceVersion "1"]
[SourceVersionDate "2001.11.25"]
[SourceQuality "1"]

1. e4 d6 2. d4 Nf6 3. Nc3 g6 4. Bg5 Bg7 5. Qd2 h6 6. Be3 Ng4 7. Bf4 e5 8. dxe5 Nxe5 9. h3 Nbd7 10. Nf3 Nxf3+ 11. gxf3 Ne5 12. Be2 Be6 13. 0-0-0 Qd7 14. h4 a6 15. Kb1 Qc6 16. Be3 Nc4 17. Bxc4 Qxc4 18. Bd4 Bxd4 19. Qxd4 Qxd4 20. Rxd4 0-0-0 21. Ne2 Rde8 22. Nf4 h5 23. b3 Bd7 24. Nd5 Bc6 25. c4 a5 26. a4 b6 27. Rg1 Re6 28. Ne3 Rf6 29. Rg3 Re8 30. Kc1 Re5 31. Kd1 Bd7 32. Ke2 Kb7 33. Nd5 Rfe6 34. Nf4 Re8 35. Nd3 R5e7 36. Nf4 Bc6 37. Kd2 Re5 38. Nd3 R5e6 39. Nf4 Rf6 40. Ke3 Rf5 41. Rd2 Re7 42. Rd1 Re8 43. Rd2 Rfe5 44. Rd4 Kc8 45. Nd3 R5e7 46. Nf4 Kd7 47. Rg1 Re5 48. Nd3 R5e6 49. Nf4 Rf6 50. Rg5 Ke7 51. Nd5+ Bxd5 52. cxd5 Kd7 53. Rc4 b5 54. axb5 Rb8 55. Rg1 Rxb5 56. Rc3 c5 57. dxc6+ Kc7 58. Ra1 d5 59. Rac1 dxe4 60. fxe4 Rb6 61. Kd4 Rxf2 62. Ra1 Rxc6 63. Rxc6+ Kxc6 64. Rxa5 Kb6 65. Re5 Rf4 66. Re7 1/2-1/2

[Event "Alameda de Osuna op 7th"]
[Site "Madrid"]
[Date "2001.04.18"]
[Round "2"]
[White "Garcia Prados, David"]
[Black "Garcia Callejo, Jesus"]
[Result "1-0"]
[WhiteElo "2519"]
[BlackElo "2265"]
[PlyCount "101"]
[EventDate "2001.04.17"]
[EventType "swiss"]
[EventRounds "9"]
[EventCountry "ESP"]
[SourceTitle "EXT 2002"]
[Source "ChessBase"]
[SourceDate "2001.11.25"]
[SourceVersion "1"]
[SourceVersionDate "2001.11.25"]
[SourceQuality "1"]

1. e4 c5 2. Nf3 e6 3. d4 cxd4 4. Nxd4 a6 5. Nc3 Qc7 6. Bd3 Nf6 7. 0-0 Nc6 8. Nb3 b5 9. a3 Bb7 10. f4 h5 11. e5 Ng4 12. Qe2 Na5 13. Nxa5 Qxa5 14. Ne4 Rc8 15. h3 Qb6+ 16. Kh1 Bc5 17. Nxc5 Qxc5 18. Bd2 g6 19. c3 Bd5 20. b4 Qb6 21. a4 Bc4 22. Bxc4 bxc4 23. Qf3 Nh6 24. Be3 Qc6 25. Qxc6 dxc6 26. Rfd1 Nf5 27. Bf2 h4 28. Rd2 Rd8 29. Rad1 Rxd2 30. Rxd2 g5 31. Bb6 Rh5 32. fxg5 Rxg5 33. Rd8+ Ke7 34. Rc8 Ng3+ 35. Kh2 Rxe5 36. Rxc6 Re1 37. Bg1 Nf1+ 38. Kh1 Ng3+ 39. Kh2 e5 40. Rh6 e4 41. Bc5+ Kd7 42. Rxh4 Nf5 43. Rf4 Ke6 44. g4 Re2+ 45. Rf2 Rxf2+ 46. Bxf2 Ne7 47. b5 axb5 48. axb5 Nd5 49. Bd4 Nf4 50. b6 Kd7 51. b7 1-0